000 00764cam a22002653a 4500
001 2193
003 PGUSA
005 20140828083011.0
008 000501s2000||||xxu|||||s|||||000 1 eng d
040 _aPGUSA
_beng
042 _adc
050 4 _aPS
100 1 _aHarte, Bret,
_d1836-1902
245 1 2 _aA Ward of the Golden Gate
_h[electronic resource] /
_cBret Harte
260 _bProject Gutenberg,
_c2000
506 _aPublic domain in the USA.
516 _aElectronic text
653 _aMan-woman relationships -- Fiction
653 _aSan Francisco (Calif.) -- Fiction
653 _aLove stories
653 _aAmerican fiction -- 19th century
830 0 _aProject Gutenberg
_v2193
856 4 0 _uhttp://www.gutenberg.org/ebooks/2193
942 _cEB
999 _c231531
_d231531